[Event "POL-chT Otwarta Lubelska"]
[Site "Wojewodztwo Lubelskie"]
[Date "2013.03.03"]
[Round "11.2"]
[White "Probola, Ryszard"]
[Black "Derus, Jerzy"]
[Result "1-0"]
[WhiteElo "2155"]
[BlackElo "1895"]
[PlyCount "75"]
[EventDate "2013.01.06"]
[EventType "team-tourn"]
[EventRounds "14"]
[EventCountry "POL"]
[SourceTitle "EXT 2020"]
[Source "ChessBase"]
[SourceDate "2019.10.17"]
[SourceVersion "1"]
[SourceVersionDate "2019.10.17"]
[SourceQuality "1"]
[WhiteTeam "Lubelski LUKS Tomasovia Tomaszow"]
[BlackTeam "Ozarow LUKS Tempo"]
[WhiteTeamCountry "POL"]
[BlackTeamCountry "POL"]

1. e4 c5 2. f4 a6 3. a4 Nc6 4. Nf3 e6 5. c3 d5 6. d3 dxe4 7. dxe4 Qxd1+ 8. Kxd1 Nf6 9. Nbd2 Be7 10. Bd3 0-0 11. Nc4 Rd8 12. Kc2 Nd7 13. a5 Rb8 14. Be3 b5 15. axb6 Nxb6 16. Nxb6 Rxb6 17. Ra2 a5 18. Nd2 Ba6 19. Bxa6 Rxa6 20. Nb3 e5 21. f5 Rc8 22. Nxc5 Nd4+ 23. Bxd4 Bxc5 24. Bxc5 Rxc5 25. Rd1 g6 26. b4 Rb5 27. fxg6 hxg6 28. Rd5 Rxd5 29. exd5 a4 30. c4 Kf8 31. c5 Ke7 32. Kd3 f5 33. Ra3 g5 34. b5 Rh6 35. b6 Rh4 36. b7 Rb4 37. c6 Kd6 38. Rxa4 1-0

[Event "POL-chT Otwarta Lubelska"]
[Site "Wojewodztwo Lubelskie"]
[Date "2013.01.13"]
[Round "4.2"]
[White "Derus, Jerzy"]
[Black "Waszczuk, Mariusz"]
[Result "1-0"]
[WhiteElo "1895"]
[BlackElo "1643"]
[PlyCount "33"]
[EventDate "2013.01.06"]
[EventType "team-tourn"]
[EventRounds "14"]
[EventCountry "POL"]
[SourceTitle "EXT 2020"]
[Source "ChessBase"]
[SourceDate "2019.10.17"]
[SourceVersion "1"]
[SourceVersionDate "2019.10.17"]
[SourceQuality "1"]
[WhiteTeam "Ozarow LUKS Tempo"]
[BlackTeam "Podlaski MUKS Miedzyrzec"]
[WhiteTeamCountry "POL"]
[BlackTeamCountry "POL"]

1. e4 d5 2. exd5 Qxd5 3. Nc3 Qa5 4. d4 Nf6 5. Nf3 Bg4 6. h3 Bh5 7. g4 Bg6 8. Ne5 e6 9. h4 Ne4 10. Bd2 Bb4 11. Nxg6 Nxc3 12. bxc3 Bxc3 13. Nxh8 Qd5 14. Bxc3 Qxh1 15. Qd3 Qxh4 16. Qf3 c6 17. Qxf7+ 1-0

[Event "Augustow Golden Rook op 53rd"]
[Site "Augustow"]
[Date "2011.06.01"]
[Round "5.18"]
[White "Kozlowski, Tomasz1111"]
[Black "Derus, Jerzy"]
[Result "1-0"]
[WhiteElo "1968"]
[BlackElo "1863"]
[PlyCount "33"]
[EventDate "2011.05.29"]
[EventType "team-swiss"]
[EventRounds "9"]
[EventCountry "POL"]
[SourceTitle "EXT 2023"]
[Source "ChessBase"]
[SourceDate "2022.10.05"]
[SourceVersion "1"]
[SourceVersionDate "2022.10.05"]
[SourceQuality "1"]
[WhiteTeam "Srem LKS Piast"]
[BlackTeam "Kurow"]
[WhiteTeamCountry "POL"]
[BlackTeamCountry "POL"]

1. e4 c5 2. Nc3 Nc6 3. f4 e6 4. Nf3 d5 5. Bb5 dxe4 6. Bxc6+ bxc6 7. Nxe4 Nf6 8. Qe2 Be7 9. Ne5 Qd5 10. d3 Bb7 11. c4 Qd8 12. Nxf7 Kxf7 13. Ng5+ Kg6 14. Qxe6 Qxd3 15. g4 h5 16. f5+ Kh6 17. Qf7 1-0

[Event "Dabrowica Jastkow Memorial op"]
[Site "Dabrowica"]
[Date "2009.01.03"]
[Round "2.8"]
[White "Wawer, Eliza"]
[Black "Derus, Jerzy"]
[Result "0-1"]
[WhiteElo "1538"]
[BlackElo "1877"]
[PlyCount "52"]
[EventDate "2009.01.02"]
[EventType "swiss"]
[EventRounds "5"]
[EventCountry "POL"]
[SourceTitle "EXT 2023"]
[Source "ChessBase"]
[SourceDate "2022.10.05"]
[SourceVersion "1"]
[SourceVersionDate "2022.10.05"]
[SourceQuality "1"]

1. e4 c5 2. c3 Nf6 3. d3 d6 4. Be3 Nc6 5. Nf3 e6 6. Nbd2 Be7 7. g3 Ng4 8. Nc4 b5 9. Na3 Nxe3 10. fxe3 b4 11. Nc2 bxc3 12. bxc3 0-0 13. Bg2 Qa5 14. Qd2 Bf6 15. d4 Ba6 16. Kf2 Rab8 17. Nce1 Rb6 18. Rc1 Rfb8 19. Rc2 Qa3 20. Nd3 Na5 21. Qc1 Qxc1 22. Nxc1 Rb2 23. Rxb2 Rxb2+ 24. Kg1 Nc4 25. Bf1 Nxe3 26. Bxa6 Rg2# 0-1